Is a Ramone (Sudden Death - Statistics

General Stats
  • This quiz has been taken 23 times
  • The average score is 6 of 8
Answers on the Grid
Answers color-coded by a green-red scale on the quiz's grid according to % correct below.
Joey
C.J.
Bobby
Dee Dee
Stevey
Johnny
Harry
Marky
Tommy
Elvis
Dairy
Richie
 
Answer Stats
Answer % Correct
Dee Dee
100%
Joey
100%
Johnny
93%
Tommy
93%
Richie
80%
Marky
73%
C.J.
60%
Elvis
47%
No matching quizzes found
Score Distribution
Percent of People with Each Score
Percentile by Number Answered
Your Score History
You have not taken this quiz